000 02287cam a22004814i 4500
003 PE-LiUPU
005 20250731173235.0
008 150625s1958 sp r 000 0 spa d
035 _a(Sirsi) a34893
040 _aPE-LiUPU
_bspa
_cPE-LiUPU
_erda
049 _aPRUA
082 0 4 _a231.04
_bP52
_221
100 1 _aPíault, Bernard,
_eautor.
245 1 3 _aEl misterio de Dios uno y trio /
_cBernard Píault.
264 1 _a[Madrid] :
_bCsall I Vall-Andorra,
_c1958.
300 _a157 páginas ;
_c19 centímetros
336 _atext
_2rdacontent
337 _aunmediated
_2rdamedia
338 _avolume
_2rdacarrier
505 0 _aEl antiguo testamento y el Dios vivo -- Los evangelios sinópticos o la primera predicación de los judíos y paganos -- El mensaje de San Pablo a los primeros cristianos -- La revelación de la trinidad de San Juan -- El siglo segundo -- La trinidad en peligro en el siglo iii -- El gran golpe dirigido contra el veredo de Dios y contra el Espíritu Santo en el siglo IV -- La fe trinitaria del oriente cristiano -- Uno y trino -- Teología y espiritualidad: personas divinas y sociedad humana.
526 _aSEG42
526 _aSEG41
526 _aSEG40
526 _aSEG39
526 _aP94
526 _aP87
526 _aP86
526 _aP85
526 _aP77
526 _aP76
526 _aP35
650 0 4 _aMinisterio de Dios.
910 _adbm
_bncf
_cncf
_d20190528
942 _2ddc
_cBOOK
949 _a231.04 P52
_wDEWEY
_c1
_i11410
_lCCODEBUL1
_mBUL
_p00.00
_r0
_sY
_tBOOK
_u2015-06-25
_xBIBLIOTECA
_zUNKNOWN
_0COMPRA
_o.STAFF. Colección Teología
949 _a231.04 P52
_wDEWEY
_c2
_i14826
_lCCODEBUL1
_mBUL
_p00.00
_r0
_sY
_tBOOK
_u2015-06-25
_xBIBLIOTECA
_zUNKNOWN
_0COMPRA
_o.STAFF. Colección Teología
994 _aC0
_bPEPRU
596 _a1
999 _a231.04 P52
_wDEWEY
_c42799
_i11410
_d42799
_f2021-11-11
_g5
_lCCODEBUL1
_mBUL
_p12.31
_q1
_r0
_sY
_tBOOK
_u2015-6-25
_xTEOLOGIA
_PP35
_0COMPRA
_o.STAFF. Colección Teología
999 _a231.04 P52
_wDEWEY
_c2
_i14826
_d2016-9-16
_e2016-9-13
_f2021-11-11
_g4
_lCCODEBUL1
_mBUL
_n1
_p12.31
_r0
_sY
_tBOOK
_u2015-6-25
_xTEOLOGIA
_PP35
_0COMPRA
_o.STAFF. Colección Teologia
980 _81
_gALBERTO SANCHEZ Responsable de Automatización